Memoria del año 1954 / Museo Marítimo
Descripción Física:
15 f. : mecanografiats, 3 fotografies ; 33 cm
Materias:
Museu Marítim (Barcelona) -- Memòries
MARC
| LEADER | 00000nam a2200000Ia 4500 | ||
|---|---|---|---|
| 001 | 8227 | ||
| 008 | 160829s1954 xx 000 0 cat d | ||
| 080 | |a FU-23-20 | ||
| 100 | |a Museu Marítim (Barcelona) | ||
| 245 | |a Memoria del año 1954 / Museo Marítimo | ||
| 260 | |a Barcelona : |b [mecanografiat], |c 1954 | ||
| 300 | |a 15 f. : |b mecanografiats, 3 fotografies ; |c 33 cm | ||
| 650 | |a Museu Marítim (Barcelona) |x Memòries |9 25190 | ||
| 856 | 4 | |u https://media.diba.cat/diba/fitxers/arxiu/fulletons/bib_8227_1954_baixa.pdf |y Accés lliure | |
| 856 | 4 | |u https://media.diba.cat/diba/fitxers/arxiu/fulletons/bib_8227_1954_baixa.pdf |y Accés lliure | |
| 901 | |a Arxiu | ||
| 942 | |n 1 |2 udc | ||
| 952 | |0 0 |1 0 |4 0 |6 FU2320 |7 1 |9 43495 |a Arxiu |b Arxiu |d 2016-12-01 |l 0 |o FU-23-20 |p 8227 |r 2016-12-01 00:00:00 |w 2016-12-01 |y ARXIU | ||
| 999 | |c 46041 |d 46041 | ||
| 900 | |a bib_8227_1954_baixa.pdf | ||